000 00848nam a2200229Ii 4500
003 JO-AjNU
008 230605s9999||||xx |||||||||||||| ||und||
017 _a2021/10/6127
020 _a978-9957-94-747-7
040 _aJO-AjNU
_bara
_erda
_cJO-AjNU
041 _aara
050 1 4 _aPJ7571.S98 2021
100 3 _aالصويركي، محمد,
_eauthor
_963797
245 0 0 _aأديب عباسي: (ناسك الحصن)
250 _aط1
264 3 1 _aعمان: وزارة الثقافه، 2021
300 _a220ص
_bاصدارات مئوية الدولة الاردنية 2021/ يشتمل على ملاحق
336 _atext
_btxt
_2rdacontent
337 _aunmediated
_bn
_2rdamedia
338 _avolume
_bnc
_2rdacarrier
650 4 _aالتراجم- السيرة الذاتية-الأدباء العرب-المفكرون-الأردن
_963798
999 _aA28957
_c32525
_d32525